Riziká spojené s investovaním do dlhopisov bakalárska práca

Guardado en:
Detalles Bibliográficos
Autor principal: Konečný, Filip
Autor Corporativo: Fakulta hospodárskej informatiky EU. Katedra matematiky a aktuárstva
Otros Autores: Kaderová, Andrea
Formato: Libro
Lenguaje:eslovaco
Publicado: Bratislava 2017
Etiquetas: Agregar Etiqueta
Sin Etiquetas, Sea el primero en etiquetar este registro!

MARC

LEADER 00000nbm a2200000 4500
001 0233084
005 20171005140438.2
041 0 |a slo 
044 |a SK 
245 1 0 |a Riziká spojené s investovaním do dlhopisov  |b bakalárska práca  |c Filip Konečný ; školiteľ: Andrea Kaderová 
264 1 |a Bratislava  |c 2017 
300 |a 35 s. 
100 1 |a Konečný, Filip 
700 1 |a Kaderová, Andrea 
710 2 |a Fakulta hospodárskej informatiky EU. Katedra matematiky a aktuárstva